000 00650nam a22001937a 4500
003 OSt
005 20250718035638.0
008 250718b |||||||| |||| 00| 0 eng d
020 _a978-0-9601031-2-6
040 _aDWC-Main Lib
_cOC
082 _aCirc. 289.9 M818 2020
100 _aMoon, Hak Ja Han
245 _aMother of peace and God shall wipe away all tears from their eyes/
_cMoon Hak Ja Han
260 _aNew York :
_bThe Washington Times Global Media Group,
_cc2020.
300 _axx, 347 pages :
_billustrations ;
_c21cm.
650 _a1. Hak Jan Han Moon-- Memoirs
650 _a2. Unification church
942 _2ddc
_cBK-CIRC
_kCirc.
_n0
999 _c3758
_d3758